Les ivoires pregothiques conserves en Belgique / (Record no. 89801)

MARC details
000 -LEADER
campo de control de longitud fija 00428nam a2200157 i 4500
001 - NÚMERO DE CONTROL
campo de control 89801
003 - IDENTIFICADOR DE NÚMERO DE CONTROL
campo de control ES-MaACL
005 - FECHA Y HORA DE LA ÚLTIMA TRANSACCIÓN
campo de control 20230906180253.0
007 - CAMPO FIJO DE DESCRIPCIÓN FÍSICA--INFORMACIÓN GENERAL
campo de control de longitud fija t|
008 - DATOS DE LONGITUD FIJA--INFORMACIÓN GENERAL
campo de control de longitud fija 050113s1912 be ||||1| spa d
100 1# - ENTRADA PRINCIPAL--NOMBRE DE PERSONA
Nombre de persona Laurent, Marcel.
9 (RLIN) 70634
245 14 - MENCIÓN DEL TÍTULO
Título Les ivoires pregothiques conserves en Belgique /
Mención de responsabilidad, etc. Marcel Laurent.
260 ## - PUBLICACIÓN, DISTRIBUCIÓN, ETC.
Lugar de publicación, distribución, etc. Bruxelles :
Nombre del editor, distribuidor, etc. Vromant,
Fecha de publicación, distribución, etc. 1912.
300 ## - DESCRIPCIÓN FÍSICA
Extensión 158 p. ;
Dimensiones 25 cm.
852 ## - LOCALIZACIÓN
Ubicación ES-MaACL
Número de control de estantería F-9910
Holdings
Estatus retirado Estado de pérdida Estado de daño No para préstamo Biblioteca de origen Biblioteca actual Ubicación en estantería Fecha de adquisición Fuente de adquisición Total de préstamos Signatura topográfica completa Código de barras Visto por última vez Precio de reemplazo Tipo de ítem Koha
        Biblioteca del Ateneo de Madrid Biblioteca del Ateneo de Madrid Sala Pecera Planta 2 17/01/2008     F-9910 1093783 23/02/2023 23/02/2023 Libro impreso